Computational Modeling of Objects Represented in Images : Second International Symposium, CompIMAGE 2010, Buffalo, NY, USA, May 5-7, 2010. Proceedings /

محفوظ في:
التفاصيل البيبلوغرافية
المؤلف الرئيسي: Reneta P. Barneva, Valentin E. Brimkov, Herbert A. Hauptman, Renato M. Natal Jorge, João Manuel R. S. Tavares (edición)
التنسيق: كتاب
اللغة:الإنجليزية
منشور في: Berlín, Alemania : Springer, 2010, c2010
سلاسل:(Lecture Notes in Computer Science)
الوصول للمادة أونلاين:Ver documento en línea
الوسوم: إضافة وسم
لا توجد وسوم, كن أول من يضع وسما على هذه التسجيلة!

MARC

LEADER 00000nam^a22000000a04500
001 000608211
009 20260417195514.182
020 |a 978-3-642-12712-0 
022 |a 1611-3349 
037 |a Acervo ITESO - Biblioteca 
041 |a ING 
082 |a Libro en línea 
100 |a Reneta P. Barneva, Valentin E. Brimkov, Herbert A. Hauptman, Renato M. Natal Jorge, João Manuel R. S. Tavares  |e (edición) 
245 |a Computational Modeling of Objects Represented in Images :  |b Second International Symposium, CompIMAGE 2010, Buffalo, NY, USA, May 5-7, 2010. Proceedings / 
264 4 |a Berlín, Alemania :  |b Springer,  |c 2010, c2010 
264 2 |a Cham, Suiza :  |b Springer Link [distribución],  |c 2025 
300 |a 1 libro electrónico en línea (XV, 326 p.) 
300 |a 1 recurso en línea 
336 |a datos para computadora  |b cod  |2 rdacontenido 
337 |a computadora  |b c  |2 rdamedio 
338 |a recurso en línea  |b cr  |2 rdasoporte 
440 |a (Lecture Notes in Computer Science) 
506 0 |a Licencias ilimitadas 
567 |a Catalogación rápida 
649 |a XX 
856 4 0 |u https://link-springer-com.ezproxy.iteso.mx/10.1007/978-3-642-12712-0  |y Ver documento en línea 
910 |a Fondo General 
920 |a Electrónicos - Libros en Línea 
930 |a Plataforma Digital 
905 |a 205 
902 |a https://opac.biblio.iteso.mx/vufind/Record/000608211